The Art of Living (Record no. 2400)

MARC details
000 -LEADER
fixed length control field 00332nam a2200133Ia 4500
008 - FIXED-LENGTH DATA ELEMENTS--GENERAL INFORMATION
fixed length control field 191201s1997 xx 000 0 und d
100 ## - MAIN ENTRY--PERSONAL NAME
Personal name EPICTETUS, lebell
245 #4 - TITLE STATEMENT
Title The Art of Living
250 ## - EDITION STATEMENT
Edition statement 1st
260 ## - PUBLICATION, DISTRIBUTION, ETC. (IMPRINT)
Place of publication, distribution, etc N.Delhi
Name of publisher, distributor, etc Harper Collins Publishers London
Date of publication, distribution, etc 1997
300 ## - PHYSICAL DESCRIPTION
Extent 113
650 ## - SUBJECT ADDED ENTRY--TOPICAL TERM
Topical term or geographic name as entry element General Books
942 ## - ADDED ENTRY ELEMENTS (KOHA)
Source of classification or shelving scheme Dewey Decimal Classification
Koha item type Text Books
Holdings
Withdrawn status Lost status Source of classification or shelving scheme Damaged status Not for loan Collection code Home library Current library Date acquired Source of acquisition Cost, normal purchase price Bill Number Total Checkouts Acc. no. / Barcode Date last seen Bill Date Koha item type
    Dewey Decimal Classification     GENERAL PIET C-LIBRARY PIET C-LIBRARY 07/09/2006 VAIBHAV BOOK SERVICE 125.00 1925   5165 04/12/2019 26/08/2006 Text Books

Design & Developed by: PIET Central Library
R70 Miles Stone Pattikalyana Samalkha Panipat 132102
mail ID :- [email protected], Phone No:- 0180-2569700 Ex.216